Visualizzazione normale
Vista MARC
- Calise Ugo
di Personal Name
Records bibliografici associati: 1
001 - CONTROL NUMBER
- control field: 7054
003 - CONTROL NUMBER IDENTIFIER
- control field: IT-RoPau
005 - DATE AND TIME OF LATEST TRANSACTION
- control field: 20140102110742.0
008 - FIXED-LENGTH DATA ELEMENTS
- fixed length control field: 140102|| aca||aabn | a|a d
040 ## - CATALOGING SOURCE
- Original cataloging agency: IT-RoPau
- Transcribing agency: IT-RoPau
100 ## - HEADING--PERSONAL NAME
- Personal name: Calise Ugo
- Miscellaneous information: Codice autore SPICS: 13719
- Relator term: Autore
- Name of part/section of a work: Na voce 'na chitarra e 'o poco 'e luna
670 ## - SOURCE DATA FOUND
- Source citation: Work cat.: (IT-RoPau)103005: AA.VV. 794, Napoli in musica (Lp Vpas 908)